| 000 | 01000nam a22002537a 4500 | ||
|---|---|---|---|
| 005 | 20170124103053.0 | ||
| 010 | _aA-730261 | ||
| 020 |
_c100.00 _a8170554087 |
||
| 035 | _aA-730261 | ||
| 037 | _bCen Lib/Ret | ||
| 040 |
_aDPL _bHN |
||
| 082 |
_aउ _bशशिप्र |
||
| 100 |
_aशशिप्रभा शाश्त्री _971081 |
||
| 245 |
_aहर दिन इतिहास / _cशशिप्रभा शाश्त्री |
||
| 246 |
_aHar din itihas _bby Shashiprabha Shashtri |
||
| 260 |
_aनई दिल्ली _bवाणी प्रकाशन |
||
| 270 |
_a21,ए -दरियागंज _bनई दिल्ली _e110002 |
||
| 300 |
_a187पृष्ठ. _c20सेमी(सजिल्द) |
||
| 650 |
_aहिंदी साहित्य _971082 |
||
| 650 |
_aहिंदी उपन्यास _971083 |
||
| 650 |
_aHindi literature _971084 |
||
| 650 |
_aHindi Novel _971085 |
||
| 942 |
_2ddc _cHN _hउ _mशशिप्र |
||
| 999 |
_c117272 _d117272 |
||